Štátna podpora hypotekárneho bankovníctva v Slovenskej a Českej republike
Štátna podpora hypotekárneho bankovníctva na Slovensku. Štátna podpora hypotekárneho bankovníctva v Českej republike. Štátny príspevok k úrokom z hypotekárneho úveru. Návratný príspevok k hypotekárnemu úveru a forma bezúročnej pôžičky. Niektoré odporúčania na zlepšenie systému štátnej podpory hypote...
Gespeichert in:
| 1. Verfasser: | |
|---|---|
| Weitere Verfasser: | |
| Format: | Buchkapitel |
| Sprache: | Slowakisch |
| Schlagworte: | |
| Tags: |
Keine Tags, Fügen Sie das erste Tag hinzu!
|
MARC
| LEADER | 00000naa a2200000 4500 | ||
|---|---|---|---|
| 001 | r044933 | ||
| 005 | 20231002074513.1 | ||
| 041 | 0 | |a slo | |
| 044 | |a SK | ||
| 245 | 1 | 0 | |a Štátna podpora hypotekárneho bankovníctva v Slovenskej a Českej republike |c Eva Horvátová, Dana Tkáčová |
| 520 | |a Štátna podpora hypotekárneho bankovníctva na Slovensku. Štátna podpora hypotekárneho bankovníctva v Českej republike. Štátny príspevok k úrokom z hypotekárneho úveru. Návratný príspevok k hypotekárnemu úveru a forma bezúročnej pôžičky. Niektoré odporúčania na zlepšenie systému štátnej podpory hypotekárnych produktov na Slovensku. | ||
| 610 | 2 | 0 | |a bankovníctvo hypotekárne |
| 610 | 2 | 0 | |a podpory |
| 610 | 2 | 0 | |a štát |
| 610 | 2 | 0 | |a úver hypotekárny |
| 610 | 2 | 0 | |a úrok |
| 610 | 2 | 0 | |a pôžičky |
| 610 | 2 | 0 | |a Slovensko |
| 610 | 2 | 0 | |a Česko |
| 100 | 1 | |a Horvátová, Eva, 1958- | |
| 700 | 1 | |a Tkáčová, Daniela, 1954- | |